|
|
|
|
| LEADER |
00000nam a22000007a 4500 |
| 005 |
20140716014443.0 |
| 007 |
cr|||| |||| |
| 008 |
140716s2014 br |||||s|||| 00||0 por d |
| 020 |
|
|
|a 978-85-361-2930-3
|
| 035 |
|
|
|a 12311
|
| 040 |
|
|
|a vLex
|
| 090 |
|
|
|c 5091
|d 5091
|
| 100 |
1 |
|
|a de Almeida Oliveira Muȯuȧh, Renato
|
| 245 |
1 |
0 |
|a Assďio Moral Coletivo nas Relaė̳s de Trabalho. 2® ediȯ̂
|h [Recurso electrn̤ico] /
|c Renato de Almeida Oliveira Muȯuȧh
|
| 256 |
|
|
|a Servicio en ln̕ea
|
| 260 |
|
|
|a San Pablo:
|b LTR Editora,
|c 2014
|
| 300 |
|
|
|a 1 recurso electrn̤ico
|
| 500 |
|
|
|a "Assďio Moral Coletivo nas Relaė̳s de Trabalho" retrata a visô de fenm̥enos contemporńeos existentes na prt̀ica empresarial, cuja perseguiȯ̂ pela produtividade nem sempre respeita os direitos fundamentais de seus empregados, investigando-se o tema numa perspectiva praticamente inďita na literatura jurd̕ica nacional. Prope̳ o autor que determinadas prt̀icas enfrentadas pelos empregados na realidade dos ambientes do trabalho sô abusivas quanto ̉dignidade da pessoa humana e, para isto, sugere a tutela do tema como assďio moral, mas numa vertente coletivizada. Tema ainda esparso em julgados e em raros artigos doutrinr̀ios, o autor, Mestre e Doutor em Direito do Trabalho pela USP (Faculdade de Direito do Largo de Sô Francisco), busca contribuir com o debate das modernas prt̀icas empresariais, verificando que a busca por lucro e o respeito ̉integridade moral de um conjunto de empregados sô prerrogativas absolutamente compatv̕eis e passv̕eis de composiȯ̂ num Estado Democrt̀ico de Direito.
|
| 506 |
1 |
|
|a Disponible solo en los productos indicados
|d vLex Global
|d vLex Global (Academic Edition, excluding Law Schools)
|d vLex Global (U.S. Academic Edition, Law Schools)
|d vLex Global (U.S. Academic Edition, excluding Law Schools)
|d vLex Global (Academic Edition, Law Schools)
|
| 650 |
0 |
4 |
|a Derecho Laboral y Seguridad Social
|z Brasil
|
| 740 |
0 |
|
|a vLex Libros (Servicio en ln̕ea)
|
| 856 |
4 |
0 |
|u http://vlex.com/source/assedio-moral-coletivo-nas-rela-es-de-trabalho-2-edi-o-12311
|z Acceso restringido
|
| 942 |
|
|
|c BOOK
|
| 999 |
0 |
|
|a Labor Law and Social Security
|